Текст томруулах:    
Basic statistics using Excel for Office XP (Бичлэгийн дугаар. 146126)
000 -УДИРДЛАГА
Удирдлага 00913nam a22003137a 4500
003 - ХЯНАЛТЫН ТОО ТОДОРХОЙЛОГЧ
Код MN-UlNUM
005 - БИЧИЛТ ХИЙСЭН ОГНОО
Тухайн бичилтийг бичсэн засварласан сүүлийн огноо 20260107212345.0
008 - ЕРӨНХИЙ МЭДЭЭЛЭЛ
Ерөнхий мэдээлэл 260107s2005 maua obf 000 0 eng d
020 ## - ISBN
ISBN 0072868287
-- 9780072868289
040 ## - БИЧЛЭГ ҮҮСГЭГЧ БАЙГУУЛЛАГА
Бичлэг үүсгэгч номын сангийн код МУИС-ийн номын сан
084 ## - ББК АНГИЛАЛ
Нэмэлт тусгалт Гарын авлага
ББК ангилал 22.172
Зохиогчийн гурван тэмдэгт M 57
Мэдлэгийн ялгаа 2 - Байгалийн шинжлэл
100 1# - ЗОХИОГЧ
Зохиогчийн нэр Merchant, Ronald
245 10 - ҮНДСЭН ГАРЧИГ
Номын нэр Basic statistics using Excel for Office XP
Оролцогчдын тухай мэдээ prepared by Ronald Merchant, Renee C. Goffinet, Virginia E. Koehler
260 ## - ГАРАЛТЫН МЭДЭЭ
Хэвлэгдсэн газар Boston, MA.
Хэвлэлийн газар Irwin McGraw-Hill
Хэвлэгдсэн он 2008
300 ## - МАТЕРИАЛЫН ТОДОРХОЙЛОЛТ
хуудасны тоо v, 245 p.
Бусад тоон мэдээлэл ill
500 ## - Тайлбар
Дансны дугаар БС 6109
546 ## - ХЭЛНИЙ ТУХАЙ МЭДЭЭ
Хэл Англи хэл дээр,
653 ## - Түлхүүр үг
Түлхүүр үг microsoft excel
653 ## - Түлхүүр үг
Түлхүүр үг commercial statistics
653 ## - Түлхүүр үг
Түлхүүр үг economics
653 ## - Түлхүүр үг
Түлхүүр үг statistics
700 1# - ХАМ ЗОХИОГЧИД
Ба бус Goffinet, Renee C.
700 1# - ХАМ ЗОХИОГЧИД
Ба бус Koehler, Virginia E.
700 1# - ХАМ ЗОХИОГЧИД
Ба бус Wathen, Samuel A.
700 1# - ХАМ ЗОХИОГЧИД
Ба бус Lind, Douglas A.
700 1# - ХАМ ЗОХИОГЧИД
Ба бус Marchal, William G.
942 ## - ЭЛЕМЕНТИЙН ТӨРӨЛ
Зүйлийн төрөл Ном